• 首页
  • 本馆介绍
  • 公告通知
  • 最新文献
  • 馆藏检索
  • 电子资源
  • 读者导购
  • 参考咨询
  • 我的图书馆
  • 登录
  • 详细信息显示
  • 放入我的书架
  • 预约/预借图书
  • 作者相关作品
  • 分类相关作品
  • 丛书相关作品
  • 出版社相关作品

书目信息

  • 表格格式
  • 工作单格式
  • 卡片格式
题名:
人际沟通
    
 
作者: 李峥 主编
分册:  
出版信息: 北京   中国协和医科大学出版社  2004
页数: 177页
开本: 26cm
丛书名:
单 册:
中图分类: R471-05
科图分类:
主题词: 护理学--人际关系学--高等教育--教材 , 护理学 , 人际关系学
电子资源:
ISBN: 7-81072-477-0
000 01236nam0 2200349 450
000 01199nam0 2200337 450
000 01148nam0 2200325 450
000 01113nam0 2200313 450
000 01076nam0 2200301 450
000 01040nam0 2200289 450
000 00950nam0 2200253 450
000 00914nam0 2200241 45
001 1557861898
005 20150128160434.03
010    @a7-81072-477-0@dCNY20.00
100    @a20070325d2006 em y0chiy0120 ea
101 0  @achi
102    @aCN@b110000
105    @ay z 000yy
200 1  @a人际沟通@ARen Ji Gou Tong@f李峥主编@FLi Zheng Zhu Bian
210    @a北京@c中国协和医科大学出版社@d2004
215    @a177页@d26cm
300    @a面向21世纪课程教材,“21世纪护理人才培养模式改革研究与实践”课题系列教材,北京市高等教育精品教材立项项目
330    @a本书共13章,包括:上篇,人际关系与人际沟通概念,是导论;中篇,发展人际关系技巧,是理论的普遍性应用;下篇,职业关系中的沟通,是理论的临床应用。
606 0  @a护理学@x人际关系学@x高等教育@j教材
606 0  @a护理学
606 0  @a人际关系学
690    @aR471-05@v4
701  0 @a李峥@ALi Zheng@c(护理学)@4主编
801  0 @aCN@bTAOJIN@c20070325
905    @aZUCC@dR471-05@eJY1
    
    人际沟通/李峥主编.-北京:中国协和医科大学出版社,2004
    177页;26cm
    面向21世纪课程教材,“21世纪护理人才培养模式改革研究与实践”课题系列教材,北京市高等教育精品教材立项项目
    
    ISBN 7-81072-477-0:CNY20.00
    本书共13章,包括:上篇,人际关系与人际沟通概念,是导论;中篇,发展人际关系技巧,是理论的普遍性应用;下篇,职业关系中的沟通,是理论的临床应用。
●
相关链接 在E读中查询图书 在五车中查询图书 在当当中查询图书 在豆瓣中查询图书


正题名:人际沟通     索取号:R471-05/JY1         预约/预借

序号 登录号 条形码 馆藏地/架位号 状态 备注
1 7844503   278445032   学院路分馆/ [索取号:R471-05/JY1] 在馆    
唐山师范学院图书馆 欢迎您!
大连网信软件有限公司© 版权所有